000 00734nam a2200337Ia 4500
001 747
003 1394
005 20241127063318.0
008 ||||||n9999 ||| || ||
020 _a8425410290
041 _aspa
082 _219
_a189
100 _aCanals Vidal, F.
_91621
245 0 _aTextos de los grandes filósofos
_bedad media
250 _a2ed
260 _aEspaña :
_bHerder,
_c1979.
300 _a263p
490 _aCurso de filosofia tomista
_v13
562 _e3
650 0 _aFilosofía
_9708
942 _cBKM
942 _cBKM
999 _c747
_d747
526 _a102619
526 _a102620
526 _a105630
526 _a1698
526 _a4969
526 _a19790
526 _a104436
526 _a1703